[Event "TUR-chT 2nd League"]
[Site "Denizli"]
[Date "2023.07.14"]
[Round "8.125"]
[White "Kalandadze, Nino"]
[Black "Kaval, Zeynep Ruya"]
[Result "1-0"]
[WhiteElo "1726"]
[BlackElo "1254"]
[PlyCount "66"]
[EventDate "2023.07.09"]
[EventType "team-swiss"]
[EventRounds "9"]
[EventCountry "TUR"]
[SourceTitle "CBM 215 Extra"]
[Source "ChessBase"]
[SourceDate "2023.09.30"]
[SourceVersion "1"]
[SourceVersionDate "2023.09.30"]
[SourceQuality "1"]
[WhiteTeam "Karaman Tabduk Emre"]
[BlackTeam "Mersin Altin Piyon"]
[WhiteTeamCountry "TUR"]
[BlackTeamCountry "TUR"]

1. d4 Nf6 2. c4 g6 3. Nc3 d6 4. e4 Bg7 5. Be2 Nc6 6. d5 Nb4 7. Qa4+ Nc6 8. dxc6 bxc6 9. Qc2 e5 10. Nf3 0-0 11. Bg5 h6 12. Be3 Ng4 13. h3 Nxe3 14. fxe3 Be6 15. 0-0 Kh7 16. Rad1 Qe7 17. b4 Rab8 18. b5 c5 19. Nd5 Qd8 20. Bd3 Ra8 21. Kh2 Bxd5 22. cxd5 Qe7 23. g4 f5 24. Nd2 Qd7 25. Nc4 Rf7 26. a4 g5 27. a5 Rb8 28. Rb1 Rff8 29. b6 axb6 30. axb6 Rb7 31. bxc7 Rxc7 32. Rb6 Rd8 33. Rxd6 Qe7 1-0